000 00326nam a2200145Ia 4500
100 _aGosling/ Joy/Steele
942 _cBK
654 _aComputer
245 _aThe Java Language Specification
260 _bAddison Wesley Pub
_aReading
_c1996
082 _a5.133
_bGOS
300 _a825
546 _aENGLISH
999 _c21377
_d21377